Top 20 Capitales du Monde par altitude - Statistiques

Statistiques générales
  • Ce quiz a été pris 386 fois
    39 depuis la dernière actualisation
  • Le résultat moyen est 7 sur 20
Statistiques - réponses
Réponse % Correct
Katmandou
84%
La Paz
74%
Quito
71%
Bogota
68%
Mexico
61%
Oulan-Bator
50%
Sucre
50%
Thimphou
47%
Nairobi
42%
Kaboul
34%
Kigali
26%
Addis Abeba
18%
Gitega
13%
Guatemala
13%
Maseru
13%
Asmara
11%
Harare
11%
Antananarivo
8%
Windhoek
5%
Sanaa
3%
Aucun quiz correspondant
Distribution des résultats
% des personnes avec chaque résultat
Percentile par nombre de réponses
Votre historique - résultats
Vous n’avez pas pris ce quiz depuis la dernière actualisation